El monacato femenino en el imperio español (Record no. 195)

MARC details
000 -CABECERA
campo de control de longitud fija 00998nam a2200229 a 4500
001 - NÚMERO DE CONTROL
campo de control BRCA_238
005 - FECHA Y HORA DE LA ÚLTIMA TRANSACCIÓN
campo de control 20190320202930.0
008 - DATOS DE LONGITUD FIJA--INFORMACIÓN GENERAL
campo de control de longitud fija 960829s1995 mx-a---##b---#100-0#spa-d
020 ## - NÚMERO INTERNACIONAL ESTÁNDAR DEL LIBRO
Número Internacional Estándar del Libro 968681502
040 ## - FUENTE DE LA CATALOGACIÓN
Centro catalogador/agencia de origen DLC
Centro/agencia transcriptor DLC
Centro/agencia modificador DLC
050 #4 - SIGNATURA TOPOGRÁFICA DE LA BIBLIOTECA DEL CONGRESO
Número de clasificación BX4200
Número de documento/Ítem .M66 1995
245 10 - MENCIÓN DE TÍTULO
Título El monacato femenino en el imperio español
Resto del título monasterios, beaterios, recogimientos, y colegios : memoria del II Congreso Internacional : homenaje a Josefina Muriel
Mención de responsabilidad, etc. Manuel Ramos Medina, coordinador.
260 ## - PUBLICACIÓN, DISTRIBUCIÓN, ETC.
Lugar de publicación, distribución, etc. México
Nombre del editor, distribuidor, etc. Centro de Estudios de Historia de México, CONDUMEX (CARSO)
Fecha de publicación, distribución, etc. 1995
300 ## - DESCRIPCIÓN FÍSICA
Extensión 596 p.
Otras características físicas il.
Dimensiones 23 cm.
504 ## - NOTA DE BIBLIOGRAFÍA, ETC.
Nota de bibliografía, etc. Incluye referencias bibliográficas
611 24 - PUNTO DE ACCESO ADICIONAL DE MATERIA--NOMBRE DE REUNIÓN/CONGRESO
Nombre de congreso/reunión o jurisdicción como elemento de entrada Congreso Internacional ´El Monacato Femenino en el Imperio Español-Monasterios, Beaterios, Recogimientos, y Colegios´
Número del congreso/reunión o número de parte o sección 2nd
Fecha del congreso/reunión 1995
Sede del congreso/Lugar de la reunión Ciudad de México
9 (RLIN) 832
650 14 - PUNTO DE ACCESO ADICIONAL DE MATERIA--TÉRMINO DE MATERIA
Término de materia o nombre geográfico como elemento de entrada Ordenes religiosas de mujeres
Subdivisión general Congresos
9 (RLIN) 833
653 0# - TÉRMINO DE INDIZACIÓN--NO CONTROLADO
Término no controlado Monjas
700 1# - PUNTO DE ACCESO ADICIONAL--NOMBRE DE PERSONA
Nombre de persona Muriel, Josefina
9 (RLIN) 834
700 1# - PUNTO DE ACCESO ADICIONAL--NOMBRE DE PERSONA
Nombre de persona Ramos Medina, Manuel
9 (RLIN) 835
942 ## - ELEMENTOS DE PUNTO DE ACCESO ADICIONAL (KOHA)
Fuente del sistema de clasificación o colocación Library of Congress Classification
Tipo de ítem Koha Libros
Holdings
Estado de retiro Estado de pérdida Estado dañado No para préstamo Localización permanente Ubicación/localización actual Fecha de adquisición Total de préstamos Signatura topográfica completa Código de barras Fecha visto por última vez Precio válido a partir de Tipo de ítem Koha
El ejemplar forma parte de la colección y puede ser consultado según las políticas vigentes.       Biblioteca del Museo Franz Mayer (Rogerio Casas-Alatriste) Biblioteca del Museo Franz Mayer (Rogerio Casas-Alatriste) 25/06/2008   BX4200 .M66 1995 00301 22/03/2019 22/03/2019 Libros